| 000 | 00806nam a22002177a 4500 | ||
|---|---|---|---|
| 999 |
_c14168 _d14168 |
||
| 003 | AR-CdUCM | ||
| 008 | 190410b ||||| |||| 00| 0 spa d | ||
| 020 | _a978-9972-847-41-7 | ||
| 040 |
_aMUNICIPALIDAD PROVINCIAL DEL CUSCO _cBIBLIOTECA MUNICIPAL DEL CUSCO |
||
| 082 |
_aEP / 803 / _bC48 |
||
| 100 |
_aCerna Guardia, Rosa _92656 |
||
| 245 | _aLos días de carbon / | ||
| 260 |
_aLima : _bGrupo Santillana, _c2010. |
||
| 300 |
_a103 paginas ; _bIlustraciones, Graficos, Dibujos, _c22 cm. |
||
| 440 |
_aCuenta cosas alfaguara. _932835 |
||
| 505 | _aContenido :Vivo en el campo -- Ya se fueron las lluvias -- Cada vez que derriban un árbol -- Carbón querido -- Mañana subiremos ... | ||
| 650 |
_aCuentos _9217 |
||
| 650 |
_aTexto educativo _925832 |
||
| 942 |
_2ddc _cLIBROS |
||
| 945 |
_arum _d2019-04-22 |
||